000 01128nam a2200289 a 4500
001 43365
003 AR-BaAGN
005 20231223063300.0
007 ta
008 220625s1983 ag |||||r|||| ||||||spa d
020 _a950-24-0017-8
040 _dAR-BaAGN
_aAR-BaAGN
_bspa
_eaacr
100 1 _aFrankel, Aída M.
245 1 0 _aLa yerba mate :
_bproducción, industrialización, comercio
250 _a1ª ed.
260 _aBuenos Aires :
_bAlbatros,
_c1983.
300 _a175 páginas :
_bilustraciones
336 _2rdacontent
_btxt
337 _2rdamedia
_bn
338 _2rdacarrier
_bnc
520 3 _aLa leyenda de la yerba mate; Historia de la yerba mate; De yerba mates y bombillas; Descripción botánica de la yerba mate; Cultivo de la yerba mate; Fertilización; Enfermedades y plagas de la yerba mate; Industrialización; Composición de la yerba mate; Formas de uso; Comisión reguladora de la yerba mate; Estadísticas de producción. Comercialización y consumo producción.
650 4 _aCOMERCIO
_91602
650 4 _aYERBA MATE
_92679
651 4 _aArgentina
_93645
942 _cLIBRO
999 _c43365
_d43365